Colonizers of Africa - Statistics

General Stats
  • This quiz has been taken 204 times
  • The average score is 50 of 53
Answers on the Map
Answers color-coded by a green-red scale on the quiz's map according to % correct below.
 
Answer Stats
Country % Correct
France
99%
France
99%
France
99%
France
99%
France
99%
France
99%
France
99%
France
99%
France
99%
France
99%
France
99%
France
99%
France
99%
France
99%
France
99%
France
99%
France
99%
France
99%
France
99%
France
99%
United Kingdom
97%
United Kingdom
97%
United Kingdom
97%
United Kingdom
97%
United Kingdom
97%
United Kingdom
97%
United Kingdom
97%
United Kingdom
97%
United Kingdom
97%
United Kingdom
97%
United Kingdom
97%
United Kingdom
97%
United Kingdom
97%
United Kingdom
97%
United Kingdom
97%
United Kingdom
97%
United Kingdom
97%
Germany
87%
Germany
87%
Germany
87%
Germany
87%
Germany
87%
Belgium
85%
Spain
85%
Spain
85%
Portugal
84%
Portugal
84%
Portugal
84%
Portugal
84%
Italy
81%
Italy
81%
Italy
81%
United States
64%
No matching quizzes found
Score Distribution
Percent of People with Each Score
Percentile by Number Answered
Your Score History
You have not taken this quiz